Countries by Landscape in Europe - Statistics

General Stats
  • This quiz has been taken 28 times
  • The average score is 6 of 14
Answer Stats
Picture Answer % Correct
Norway
88%
United Kingdom
83%
Iceland
63%
Sweden
58%
Slovenia
50%
Montenegro
42%
Italy
38%
Greece
29%
Spain
29%
Croatia
25%
France
25%
San Marino
13%
Spain
8%
Russia
4%
No matching quizzes found
Score Distribution
Percent of People with Each Score
Percentile by Number Answered
Your Score History
You have not taken this quiz